FIFA World Cup Host Countries - Sudden Death - Statistics

General Stats
  • This quiz has been taken 61,255 times
    51,992 since last reset
  • The average score is 12 of 22
Answers on the Grid
Answers color-coded by a green-red scale on the quiz's grid according to % correct below.
Argentina
Australia
Belgium
Brazil
Canada
Chile
China
Colombia
Egypt
England
France
Germany
Greece
India
Iran
Ireland
Italy
Jamaica
Japan
Mexico
Morocco
Netherlands
New Zealand
North Korea
Norway
Peru
Portugal
Qatar
Russia
Saudi Arabia
Scotland
South Africa
South Korea
Spain
Sweden
Switzerland
Turkey
United Arab Emirates
United States
Uruguay
 
Answer Stats
Answer % Correct
1950, 2014 Brazil
78%
1978 Argentina
75%
1966 England
71%
1938, 1998 France
71%
1974, 2006 Germany
71%
1934, 1990 Italy
67%
1994, 2026 United States
65%
1970, 1986, 2026 Mexico
62%
2022 Qatar
61%
2018 Russia
59%
2010 South Africa
58%
1982, 2030 Spain
56%
2026 Canada
55%
1930 Uruguay
53%
2002 Japan
51%
2002 South Korea
50%
1958 Sweden
30%
1962 Chile
27%
2030 Portugal
27%
2030 Morocco
26%
2034 Saudi Arabia
24%
1954 Switzerland
24%
No matching quizzes found
Score Distribution
Percent of People with Each Score
Percentile by Number Answered
Your Score History
You have not taken this quiz since the last reset